000
00329nam a22001457a 4500
008
221110b ||||| |||| 00| 0 eng d
020
_a
9781617312403
041
_a
eng
080
_2
second edition
_a
159.9
082
_a
159.9 KRI
100
_a
25
101
_a
PSI
245
_a
HUMAN PHYSIOLOGY
_c
KRIEGER P
942
_2
udc
_c
BK
999
_c
58836
_d
58836